| 000 | 00853nam a2200241 a 4500 | ||
|---|---|---|---|
| 001 | 44379 | ||
| 003 | BD-RjUL | ||
| 005 | 20211209053839.0 | ||
| 008 | 160717s1969 bg ||||| |||| 00| 0 ben d | ||
| 020 | _c: Tk. 4.00 | ||
| 035 | _a(BD-RjUL)44497 | ||
| 040 |
_aBD-RjUL _bben _cBD-RjUL |
||
| 041 | _aben | ||
| 082 |
_223 _a891.4416 _bALN 1969 |
||
| 100 |
_aআলী, মোবাস্বের _9136212 |
||
| 245 | 1 | 0 |
_aনজরুল প্রতিভা / _cমোবাস্বের আলী |
| 250 | _a১ম সং. | ||
| 260 |
_aঢাকা : _bস্টুডেন্ট ওয়েজ, _c১৯৬৯ |
||
| 300 |
_a[৮], ১৫২ পৃ. ; _c২৩ সেমি. |
||
| 600 |
_aইসলাম, কাজী নজরুল _d১৮৯৯-১৯৭৬ _9136980 |
||
| 600 |
_aIslam, Kazi Nazrul _d1899-1976 _9136981 |
||
| 942 |
_2ddc _cBK _01 |
||
| 999 |
_c44379 _d44379 |
||